00520nam a22001697a 450000500170000000800410001702000200005804000180007808200230009610000170011924500670013625000130020330000240021665000290024065000410026965000400031020220405151345.0220405b ||||| |||| 00| 0 eng d a978 9389546842  cAIMIT LIBRARY 244a336.294 bDATV aDatey, V .S. aTaxmann's indirect taxes:blaw and practice /cBy V,S. Datey. a44th ed. aI-13,729p. :c28cm. aIGST CGST SGST and UTGST aClassification of goods and services aSupply of goods or services or both